Word Ladder: Don't Lie to Me! Quiz Stats

Quiz Updated Jun 7, 2015

Challenge
Share
Tweet
Embed
Score 0/30 Timer 03:00
0 Plays Today
Clue 4-Letter Word % Correct
✯ DEEP AFFECTION ✯✯ LOVE ✯
98.2%
Fruit similar to a lemonLIME
97.6%
Small, sheltered bayCOVE
94.9%
Rainy footwearBOOT
94.4%
Ship or canoe, e.g.BOAT
94.4%
Where hockey's playedRINK
94.3%
Owl's soundHOOT
94.2%
Long, narrow markLINE
94.1%
____ ReaperGRIM
92.6%
Badly behaved childBRAT
90.3%
✯ HUSBAND'S GIFT ✯✯ RING ✯
90.3%
✯ APPROACH ✯✯ COME ✯
89.8%
Pine, palm or evergreen, e.g.TREE
89.4%
1,000th of a kiloGRAM
88.8%
Togo's capitalLOMÉ
87.3%
Clue 4-Letter Word % Correct
____ Blanc, Alps' largest mountainMONT
85.8%
Lisa ____, American journalistLING
85.8%
✯ CLENCH TEETH ✯✯ GRIT ✯
84.5%
FriarMONK
83.5%
Long arduous journey on foot TREK
82.8%
Keira Knightley or Jude Law, e.g.BRIT
82.7%
Small, semi-aquatic carnivoreMINK
82%
Local area, slangilyHOOD
81.6%
✯ FIRM GRIP ✯✯ HOLD ✯
81.5%
StreetcarTRAM
81.2%
Loss of plumage, skin, or hairMOLT
78.4%
Arrested Development's Steve!HOLT
73.4%
Neaten somethingTRIM
68.5%
____ Turner, rap rock bandTRIK
62.9%
✯ COMMON BOND ✯✯ TRUE ✯
41.6%

Today's Daily Dose

Missing Word
Fruity Song Titles

Quick Pick
Double Blanks

On This Day
June 22nd II

You're not logged in!

Compare scores with friends on all Sporcle quizzes.
Join for Free
OR
Log In

You Might Also Like...

Show Comments

Extras

Top Quizzes Today


Score Distribution

Your Account Isn't Verified!

In order to create a playlist on Sporcle, you need to verify the email address you used during registration. Go to your Sporcle Settings to finish the process.

Report this User

Report this user for behavior that violates our Community Guidelines.

Details: